000 00292nam a22001337a 4500
008 181101b xxu||||| |||| 00| 0 eng d
020 _a9780030686696
041 _aeng
080 _25 TH
_a370
100 _a45
101 _aEDU
245 _aElements Language
_cHolt.p
942 _2udc
_cBK
999 _c51553
_d51553